Word Ladder: 2016 Olympics Opening Ceremony Quiz Stats

Quiz Updated Aug 5, 2016

Challenge
Share
Tweet
Embed
Score 0/11 Timer 03:00
2 Plays Today
Clue 5-Letter Word % Correct
🔥 The games begin with the end of the ___ [rung 11]🔥
OR the UK term for flashlight
🔥TORCH🔥
97%
Lounge area attached to the front of a housePORCH
96.6%
'___ Christmas Charlie Brown!'MERRY
94.9%
A bird's sitting areaPERCH
94.9%
Weasley brother and prefect of Gryffindor PERCY
88.3%
Compassion for an afflicted personMERCY
88%
🔥 The games begin with the end of the [rung 1] ___🔥
OR a race involving a team of participants
🔥RELAY🔥
84.2%
To hesitate for a short period of time or to rescheduleDELAY
80.5%
The second largest city in Northern IrelandDERRY
80.5%
Rot or the process of decompositionDECAY
79.1%
To denounce or express despairDECRY
73.7%

Today's Daily Dose

Missing 'O' Word in Every Category

On This Day
April 19th II

You're not logged in!

Compare scores with friends on all Sporcle quizzes.
Sign Up with Email
OR
Log In

You Might Also Like...

Show Comments

Extras

Top Quizzes Today


Score Distribution

Your Account Isn't Verified!

In order to create a playlist on Sporcle, you need to verify the email address you used during registration. Go to your Sporcle Settings to finish the process.

Report this User

Report this user for behavior that violates our Community Guidelines.

Details: